Ekologický marketing: príležitosť pre inováciu

Pohľad na možnosti uplatnenia ekologického marketingu do podnikovej praxe. Ekologická distribučná, komunikačná, cenová a produktová politika. Význam ekologického marketingu pre podnik.

Guardado en:
Detalles Bibliográficos
Autor principal: Borguľa, Matúš
Formato: Capítulo de libro
Lenguaje:eslovaco
Materias:
Etiquetas: Agregar Etiqueta
Sin Etiquetas, Sea el primero en etiquetar este registro!

MARC

LEADER 00000nla$a2200000$$$4500
001 0146173
005 20240502072633.7
041 0 |a slo 
044 |a SK 
245 1 0 |a Ekologický marketing: príležitosť pre inováciu  |c Matúš Borguľa 
520 |a Pohľad na možnosti uplatnenia ekologického marketingu do podnikovej praxe. Ekologická distribučná, komunikačná, cenová a produktová politika. Význam ekologického marketingu pre podnik. 
610 2 0 |a marketing environmentálny 
610 2 0 |a stratégia marketingová 
610 2 0 |a politika sortimentná 
610 2 0 |a inovácia 
610 2 0 |a nástroje marketingové 
610 2 0 |a komunikácia marketingová 
610 2 0 |a environmentalistika 
610 2 0 |a rozvoj trvalo udržateľný 
100 1 |a Borguľa, Matúš